000 003870000a22001450004500
001 004347
003 MACL
040 _aMACL
090 _c16340
_d16339
100 _aShastri, J.L.
245 _aAncient IndianTradition & Mythology Volume 31 Part 1
_bThe Varaha P̜urana Part 1
_cJ.L. Shastri
260 _aMotilal Banarsidass Publishers,
_c2002
650 _aReligion
942 _k295
_cBook
999 _c16238
_d16238